000
00297nam a22001337a 4500
020
_a
81-237-3346-1
082
_a
894.812.1
_b
ORL/M
100
_a
ORLEV, YOORI
245
_a
MUTHIYAMMA THUNNUMBOL
260
_a
INDIA
_b
NATIONAL BOOK TRUST
_c
2000
520
_a
POETRY
650
_a
POETRY
942
_c
BK
999
_c
4560
_d
4560